Nuclear systems (Record no. 355668)

000 -LEADER
fixed length control field 00478nam a22001457a 4500
008 - FIXED-LENGTH DATA ELEMENTS--GENERAL INFORMATION
fixed length control field 151118b xxu||||| |||| 00| 0 eng d
020 ## - INTERNATIONAL STANDARD BOOK NUMBER
International Standard Book Number 9781439808870
082 ## - DEWEY DECIMAL CLASSIFICATION NUMBER
Edition number 22
Classification number 621.483
Author Mark TOD-N 2012
100 ## - MAIN ENTRY--PERSONAL NAME
Personal name Neil E. Todreas, Mujid S. Kazimi
245 ## - TITLE STATEMENT
Title Nuclear systems
Statement of responsibility, etc. Neil E. Todreas
260 ## - PUBLICATION, DISTRIBUTION, ETC.
Place of publication, distribution, etc. London
Name of publisher, distributor, etc. CRC press taylor & francis gruop
Date of publication, distribution, etc. 2012
300 ## - PHYSICAL DESCRIPTION
Extent xx, p.1004
Other physical details ill.
Dimensions 23 cm.
650 ## - SUBJECT ADDED ENTRY--TOPICAL TERM
Topical term or geographic name entry element Nuclear power plants, Nuclear reactors--Fluid dynamics
942 ## - ADDED ENTRY ELEMENTS (KOHA)
Source of classification or shelving scheme
Koha item type Book
Holdings
Withdrawn status Lost status Source of classification or shelving scheme Damaged status Not for loan Collection code Permanent Location Current Location Shelving location Date acquired Cost, normal purchase price Total Checkouts Total Renewals Full call number Barcode Date last seen Date last checked out Price effective from Koha item type Copy number
            US-Pakistan Center for Advanced Studies in Energy (USPCAS-E) US-Pakistan Center for Advanced Studies in Energy (USPCAS-E)   11/18/2015 10100.00 5 4 621.483 TOD-N 2012 CAS-E0000718 01/10/2017 01/10/2017 11/18/2015 Book  
            US-Pakistan Center for Advanced Studies in Energy (USPCAS-E) US-Pakistan Center for Advanced Studies in Energy (USPCAS-E)   11/18/2015 10100.00 2 2 621.483 TOD-N 2012 CAS-E0000719 01/13/2017 12/16/2016 11/18/2015 Book 2
            US-Pakistan Center for Advanced Studies in Energy (USPCAS-E) US-Pakistan Center for Advanced Studies in Energy (USPCAS-E)   11/18/2015 10100.00 1   621.483 TOD-N 2012 CAS-E0000720 12/13/2016 10/10/2016 11/18/2015 Book 3
© 2023 Central Library, National University of Sciences and Technology. All Rights Reserved.